The religion of the Sufis : from The Dabistán of Mohsin Fani /

Saved in:
Bibliographic Details
Main Author: Muḣsin, Fānī, active 1618-1670.
Other Authors: Shea, David., Troyer, Anthony, -1865.
Format: Book
Language:English
Arabic
Published: London : Octagon Press, c1979.
Subjects:
Tags: Add Tag
No Tags, Be the first to tag this record!
LEADER 01012cam a2200277Ia 4500
001 001123787-2
005 20020606090541.3
008 820505s1979 enk 00010 eng d
020 |a 0900860650 
035 0 |a ocm08399280 
040 |a ONU  |c ONU  |d OCL 
041 1 |a eng  |h ara 
050 4 |a BP188.6  |b .R45 1979 
100 1 |a Muḣsin, Fānī,  |d active 1618-1670. 
245 0 4 |a The religion of the Sufis :  |b from The Dabistán of Mohsin Fani /  |c translated by David Shea and Anthony Troyer ; introduction by Idries Shah. 
260 0 |a London :  |b Octagon Press,  |c c1979. 
300 |a 87 p. ;  |c 23 cm. 
504 |a Includes bibliographical references. 
650 0 |a Sufism  |x Early works to 1800. 
655 7 |a Early works.  |2 fast 
655 7 |a Early works.  |2 fast  |0 (OCoLC)fst01411636 
700 1 |a Shea, David. 
700 1 |a Troyer, Anthony,  |d -1865. 
776 0 8 |i Online version:  |a Fānī, Muḥsin, -1671 or 1672.  |t Religion of the Sufis.  |d London : Octagon Press, ©1979  |w (OCoLC)987957341 
988 |a 20020608 
906 |0 OCLC